000 00492nam a22001577a 4500
003 NUST
038 _aNusrat Nadeem
082 _a200
100 _aAmjad, Osama
_9130497
245 _aActive Navigation using Deep Reinforcement Learning/
_cOsama Amjad,
264 _aIslamabad:
_bSEECS NUST.
_c2025.
650 _aMS- Electrical Engineering
_923567
700 _aSupervisor: Dr. Wajahat Hussain
_997174
856 _u http://10.250.8.41:8080/xmlui/handle/123456789/54383
942 _2ddc
_cSC
999 _c614692
_d614692